| 000 | 005459nama22002171Ia4500 | ||
|---|---|---|---|
| 003 | 00409nam a2200181Ia 450 | ||
| 005 | 20230720125037.0 | ||
| 008 | 230720b |||||||| |||| 00| 0 eng d | ||
| 020 | _a978-0-07-061667-7 | ||
| 040 | _cLibrary of Congress catalog card | ||
| 082 |
_21st _a005.133 _bVEN |
||
| 100 | _aK.R.Venugopal | ||
| 245 | _aMastering C | ||
| 250 | _a1st | ||
| 260 |
_aNEW DELHI _bTMH _c2006 |
||
| 300 | _aXIII;845 | ||
| 500 | _aQuantity Number: 12 | ||
| 650 | _aComp-Sc | ||
| 700 | _aS.R.Prasad | ||
| 942 |
_2ddc _cBK _n0 |
||
| 999 |
_c61098 _d61098 |
||